000
00311nam a22001217a 4500
008
230703b xxu||||| |||| 00| 0 eng d
082
_a
346.67
_b
WAR 1962
100
_c
S. N. Waruhiu
245
_a
Affiliation Law in Kenya
260
_b
East African LIterature Bureau
_c
1962
300
_a
II,47p
942
_2
ddc
_c
BK
999
_c
3192
_d
3192